000
00294nam a22001097a 4500
999
_c
2935
_d
2935
005
20200925115815.0
008
200925b ||||| |||| 00| 0 eng d
040
_c
CML
245
_a
The Bridge of San Luis Rey.
_c
Wilder, T.
260
_a
Middlesex
_b
Penguin Book Ltd.
_c
1927
942
_2
ddc
_c
BK
_k
F
_m
WIL